Top 5 Most Famous by First Name: M - Statistics

General Stats
  • This quiz has been taken 15 times
  • The average score is 10 of 50
Answer Stats
First Name Last Name Hint Lifespan % Correct
Michael Jackson Singer / Songwriter / Dancer 1958-2009
85%
Michael Jordan Businessman / Basketball Player 1963-
77%
Michael Schumacher Racing Driver 1969-
77%
Mia Farrow Actress / Activist / Fashion Model 1945-
69%
Michael Caine Actor 1933-
54%
Molly Ringwald Actress / Author 1968-
46%
Maisie Williams Actress 1997-
46%
Millie Bobby Brown Actress / Producer 2004-
31%
Matthew Broderick Actor / Singer 1962-
31%
Megan Fox Actress / Model 1986-
31%
Mia Khalifa Media Personality / Webcam Model / Pornographic Actress 1993-
31%
Matthew McConaughey Actor / Producer 1969-
31%
Matthew Stafford Football Quarterback 1988-
31%
Matthew the Apostle Apostle / Evangelist 1st Century AD
31%
Matilda Cuomo Advocate for Women & Children / First Lady of New York 1931-
23%
Mason Mount Footballer 1999-
23%
Megan Rapinoe Footballer 1985-
23%
Megan Thee Stallion Rapper / Singer / Songwriter 1995-
23%
Max Weber Sociologist / Historian / Jurist / Political Economist 1864-1920
23%
Maisie Adam Stand-Up Comedian / Writer / Actress 1994-
15%
Max Clifford Publicist / Convicted Sex Offender 1943-2017
15%
Mason Crosby Football Placekicker 1984-
15%
Mason Greenwood Footballer 2001-
15%
Megan Mullally Actress / Comedian / Singer 1958-
15%
Mason Plumlee Basketball Player 1990-
15%
Matthew Shepard Gay American Student 1976-1998
15%
Millie Brady Actress 1993-
8%
Michael J. Fox Actor / Author / Film Producer / Activist 1961-
8%
Mia Kirshner Actress / Writer / Social Activist 1975-
8%
Max Martin Record Producer / Songwriter / Singer 1971-
8%
Matilda Ramsay TV Presenter / TV Chef 2001-
8%
Mia Sara Actress 1953-
8%
Molly Shannon Actress / Comedian 1964-
8%
Maisie Smith Actress / Singer 2001-
8%
Megan Anderson Mixed Martial Artist 1990-
0%
Matilda Charlotte Houstoun Travel Writer / Novelist / Biographer / Women's Rights Activist 1811-1892
0%
Matilda De Angelis Actress / Singer 1995-
0%
Mia Goth Actress / Model 1993-
0%
Mason Holgate Footballer 1996-
0%
Max Holloway Mixed Martial Artist 1991-
0%
Molly Holly Wrestler 1977-
0%
Millie Jackson Recording Artist 1944-
0%
Molly Meldrum Music Critic / Journalist / Record Producer / Music Entrepreneur 1943-
0%
Matilda of Tuscany Noble 1046-1115
0%
Millie Perkins Actress 1938-
0%
Maisie Peters Musician 2000-
0%
Maisie Richardson-Sellers Actress 1992-
0%
Molly Sandén Singer / Voice Actress 1992-
0%
Max Schneider Singer-Songwriter / Actor 1992-
0%
Millie Small Singer / Songwriter 1947-2020
0%
No matching quizzes found
Score Distribution
Percent of People with Each Score
Percentile by Number Answered
Your Score History
You have not taken this quiz